| 000 | 01146nam2a22002291 4500 | ||
|---|---|---|---|
| 001 | v19\rc\1311843 | ||
| 005 | 20250618033113.0 | ||
| 035 | _a(NLR Aleph) 004468312 | ||
| 090 |
_a4550260 _c4550260 |
||
| 100 | _a20060512d1899 |||y0rusy50 ca | ||
| 101 | 0 | _arus | |
| 102 | _aRU | ||
| 105 | _ay z ||||| | ||
| 200 | 0 | _a... за 1898 год | |
| 210 |
_dценз. 1899 _aБ. м. |
||
| 215 | _a[4] с. | ||
| 461 | 0 |
_1001v19\rc\1311842 _12001#$aОтчет товарищества Нарвской льнопрядильной мануфактуры бывшей льнопрядильной фабрики барона А.Л. Штиглица...$v... за 1898 год$90 _94550258 _aНарвская льнопрядильная мануфактура _c[Санкт-Петербург] _dценз. 1899 _tОтчет товарищества Нарвской льнопрядильной мануфактуры бывшей льнопрядильной фабрики барона А.Л. Штиглица ... _v... за 1898 год$90 |
|
| 801 | 0 |
_aRU _bNLR _gpsbo |
|
| 801 | 1 |
_aRU _bProSoft-M _2rusmarc |
|
| 852 |
_aNLR _j20.67.3.32 |
||
| 942 | _cBOOK | ||
| 980 | _aNB | ||